Loading...

Goodbye Tsugumi

Bibliographic Details
Main Authors: Emmerich, Michael; Translator, Yoshimoto, Banana; Author
Format: Printed Book
Published: London, Faber and Faber Publishers 2002
Subjects:
LEADER 006420000a22002050004500
020 |a 0-571-21274-3 
082 |a 895.63 YOS/G 111P2 
100 |a Emmerich, Michael; Translator 
100 |a Yoshimoto, Banana; Author 
245 |a Goodbye Tsugumi 
250
260 |a London, Faber and Faber Publishers 
260 |c 2002 
460 |a 186 
465 |a GBP6.50 
500 |a Banana Yoshimoto; tr.by Michael Emmerich 
650 |a Japanese fiction 
942 |c BK 
999 |c 32502  |d 32502 
952 |0 0  |1 0  |4 0  |6 895_630000000000000_YOSG_111P2  |7 0  |8 ENG  |9 32654  |a MGUL  |b MGUL  |d 2013-07-16  |e GBP6.50  |l 0  |o 895.63 YOS/G 111P2  |p 33059  |r 2013-07-16  |w 2013-07-16  |y BK